Culture Générale - Série 2518 - Statistiques

Statistiques générales
  • Ce quiz a été pris 102 fois
  • Le résultat moyen est 5 sur 10
Statistiques - réponses
Question Réponse % Correct
De quel pays l'ikebana est-il un art traditionnel qui consiste à effectuer, créer des compositions florales ? Japon
76%
De quel pays la Brabançonne est-il l'hymne officiel ? Belgique
72%
Quelle est la capitale du Laos ? Vientiane
64%
Le Burkina Faso est l'actuel nom de l'ancienne ... Haute-Volta
63%
Aux Etats Unis, quel animal est le symbole du parti Républicain ? éléphant
55%
Sous quel prénom et nom connaissait-on mieux Ivo Livi ? Yves Montand
47%
Quel dessinateur belge , mort en 1997, était le père de Gaston Lagaffe et du Marsupilami ? André Franquin
46%
Aux Etats Unis, quel animal est le symbole du parti Démocrate ? âne
45%
C'est un coiffeur ou un poisson merlan
32%
Dans quel département se trouve la commune de Confolens, réputée pour son festival d'arts et traditions populaires du monde ? voir photo Charente
19%
Aucun quiz correspondant
Distribution des résultats
% des personnes avec chaque résultat
Percentile par nombre de réponses
Votre historique - résultats
Vous n’avez pas pris ce quiz